000
00311nam a22001337a 4500
008
170307b xxu||||| |||| 00| 0 eng d
020
_a
9780470138045
041
_a
eng
080
_2
12TH
_a
611
100
_a
6
101
_a
SHM
245
_a
PRINCIPLES OF ANATOMY AND PHYSIOLOGY
_c
TORTORA, G.J
942
_2
udc
_c
BK
999
_c
6972
_d
6972